[Event "Olimpiadi 2008 - open"]
[Site "Dresda GER"]
[Date "2008.11.16"]
[Round "4"]
[White "Mitkov, N1."]
[Black "Ni Hua"]
[Result "0-1"]
[WhiteElo "2556"]
[BlackElo "2710"]
[PlyCount "148"]
[EventDate "2008.11.13"]
[Source "www.chesslib.no"]
[SourceDate "2004.05.04"]

1. d4 Nf6 2. Bf4 g6 3. e3 Bg7 4. h3 O-O 5. Nf3 d6 6. Bc4 Nfd7 7. O-O e5 8. dxe5 dxe5 9. Bg5 Qe8 10. Nc3 Nb6 11. Bb3 h6 12. Bh4 Be6 13. e4 Na6 14. Re1 Nc5 15. Qe2 a6 16. Rad1 Nxb3 17. axb3 Qc6 18. Rd3 Rae8 19. Bg3 f6 20. Nh4 Kh7 21. Bh2 Rd8 22. Red1 Rxd3 23. Rxd3 Rg8 24. Nd1 Bf8 25. Kh1 Bd6 26. Bg1 Nd7 27. Nc3 Nc5 28. Rd1 a5 29. Nd5 Bxd5 30. Rxd5 Ne6 31. Rxa5 Nd4 32. Qc4 Qxe4 33. Nf3 Qxc2 34. Qf7+ Rg7 35. Qxf6 Nc6 36. Ra8 Qxb3 37. Qh4 Rg8 38. Ra4 Rf8 39. Rg4 Kg7 40. Nd2 Qe6 41. Qg3 Nd4 42. Qd3 Qf5 43. Re4 Ne6 44. Qb5 Ng5 45. Re3 e4 46. Qb3 Bf4 47. Re2 Rd8 48. Bh2 Rd3 49. Qc2 Bxd2 50. Rxd2 c6 51. Re2 Rxh3 52. f4 Rh5 53. Qc3+ Kh7 54. Qe3 Nf7 55. Qxe4 Qxe4 56. Rxe4 Kg7 57. g3 Kf6 58. Kg2 Rb5 59. Re2 Kf5 60. Bg1 Nd6 61. Bd4 Ne4 62. Be5 h5 63. Bd4 Rb3 64. Bf2 Nxf2 65. Kxf2 Kg4 66. Re6 Rxb2+ 67. Ke3 Kf5 68. Re5+ Kf6 69. Re8 Rb3+ 70. Kf2 b5 71. Rf8+ Ke7 72. Rg8 Kf7 73. Rb8 b4 74. Rb7+ Ke6 0-1

[Event "Zonal"]
[Site "Riga zt"]
[Date "1995.??.??"]
[Round "5"]
[White "Oll, Lembit"]
[Black "Kengis, Edvins"]
[Result "1-0"]
[WhiteElo "2610"]
[BlackElo "2575"]
[PlyCount "26"]
[EventDate "1995.??.??"]
[Source "www.chesslib.no"]
[SourceDate "2004.05.04"]

1. d4 Nf6 2. e3 e6 3. Nf3 b6 4. g3 Ba6 5. Nbd2 Bb7 6. Bg2 c5 7. a4 cxd4 8. O-O d6 9. Nxd4 Nbd7 10. Re1 Qc8 11. a5 Nb8 12. axb6 h6 13. Qf3 h5 1-0

[Event "Ch Czech Republic (cat.11)"]
[Site "?"]
[Date "2005.02.08"]
[Round "8"]
[White "Haba Petr"]
[Black "Navara David"]
[Result "0-1"]
[WhiteElo "2525"]
[BlackElo "2644"]
[PlyCount "112"]
[EventDate "2005.??.??"]
[Source "www.chesslib.no"]
[SourceDate "2004.05.04"]

1. d4 Nf6 2. c3 d6 3. Bg5 Nbd7 4. Nd2 e5 5. e3 Be7 6. dxe5 dxe5 7. Bc4 Nb6 8. Bxf6 Bxf6 9. Bb3 Qd3 10. Qf3 Qg6 11. Ne2 Rb8 12. h3 Bd7 13. Ne4 Bh4 14. g3 Bc6 15. Bc2 Be7 16. g4 Bh4 17. b3 O-O 18. Qf5 Qxf5 19. gxf5 Nd5 20. O-O g6 21. c4 Nb4 22. Bb1 gxf5 23. N4g3 f4 24. Nf5 Bf6 25. a3 Bf3 26. Nc3 e4 27. Nd4 Nc6 28. Bxe4 Nxd4 29. exd4 Bh5 30. Nd5 Bxd4 31. Rae1 f5 32. Nxf4 fxe4 33. Nxh5 Rbe8 34. Ng3 Rf3 35. Nxe4 Re6 36. Kg2 Rxb3 37. Ng3 Rxe1 38. Rxe1 Kf7 39. Re4 Bc5 40. Rh4 Kg8 41. Rg4+ Kf8 42. Rh4 Bxa3 43. Rxh7 Bd6 44. Ne4 a5 45. c5 Be5 46. Rh5 Bb2 47. c6 b6 48. Ng5 Ke7 49. Rh7+ Kd6 50. Rh6+ Kd5 51. f4 a4 52. Ne6 Kxc6 53. Nd4+ Kb7 54. Nxb3 axb3 55. Rg6 c5 56. Kf3 Bc1 0-1

[Event "Groningen Harmonie"]
[Site "Groningen"]
[Date "2003.12.28"]
[Round "7"]
[White "Gagunashvili, Merab"]
[Black "Nijboer, Friso"]
[Result "1/2-1/2"]
[WhiteElo "2582"]
[BlackElo "2577"]
[PlyCount "83"]
[EventDate "2003.12.21"]
[Source "ChessBase"]
[SourceDate "2004.03.30"]

1. d4 Nf6 2. g3 g6 3. Bg2 Bg7 4. e4 d6 5. Ne2 O-O 6. O-O e5 7. Nbc3 c6 8. a4 a5 9. h3 Na6 10. Be3 Nb4 11. Na2 Nxa2 12. Rxa2 exd4 13. Bxd4 Be6 14. Ra3 d5 15. Bxf6 Qxf6 16. exd5 Bxd5 17. Bxd5 cxd5 18. Rb3 Qc6 19. Rb5 Rfe8 20. c3 Re4 21. f3 Rc4 22. Qxd5 Rxa4 23. Rd1 Qxd5 24. Rdxd5 Ra2 25. Rxb7 a4 26. Kf2 a3 27. Rdb5 Bf6 28. f4 Kg7 29. g4 h6 30. Kf3 Re8 31. Rb3 Ra1 32. Rxa3 Rf1+ 33. Kg2 Rd1 34. Nd4 Rd2+ 35. Kf1 Bh4 36. Ra1 Re3 37. g5 hxg5 38. fxg5 Rf2+ 39. Kg1 Rf4 40. Kh2 Rf2+ 41. Kg1 Rf4 42. Kh2 1/2-1/2

[Event "Open Aeroflot"]
[Site "Mosca RUS"]
[Date "2007.02.16"]
[Round "3"]
[White "Gareev, T."]
[Black "Vitiugov, N."]
[Result "1-0"]
[WhiteElo "2551"]
[BlackElo "2604"]
[PlyCount "81"]
[EventDate "2007.02.14"]
[Source "www.chesslib.no"]
[SourceDate "2004.05.04"]

1. d4 Nf6 2. c3 g6 3. Bg5 Bg7 4. Nd2 O-O 5. e3 d6 6. Bd3 Nbd7 7. Ne2 e5 8. O-O Qe8 9. Rc1 h6 10. Bh4 Nh5 11. e4 f5 12. exf5 gxf5 13. Ng3 Nxg3 14. hxg3 e4 15. Be2 Nf6 16. Nc4 Be6 17. Ne3 Nd5 18. Bh5 Qd7 19. c4 Nxe3 20. fxe3 c5 21. dxc5 Bxb2 22. Rb1 Be5 23. cxd6 Bxc4 24. Be7 Qe6 25. Bxf8 Rxf8 26. d7 Rd8 27. Be2 Bxe2 28. Qxe2 Rxd7 29. Qh5 Rf7 30. g4 f4 31. Rb5 Bg7 32. Rf5 Rxf5 33. gxf5 Qxa2 34. Qe8+ Bf8 35. Rxf4 Qe2 36. Qe6+ Kh8 37. Qxe4 Qd1+ 38. Rf1 Qd2 39. Qe5+ Kg8 40. Qe6+ Kh8 41. f6 1-0

[Event "11th GM"]
[Site "Lippstadt"]
[Date "2003.08.13"]
[Round "7"]
[White "Wehmeier, Stefan"]
[Black "COMP BrutusP-I.XII"]
[Result "0-1"]
[WhiteElo "2350"]
[BlackElo "2800"]
[PlyCount "58"]
[EventDate "2003.08.07"]
[Source "Roberto Alvarez"]
[SourceDate "2003.08.18"]

1. d4 Nf6 2. c3 g6 3. Bg5 Bg7 4. Nd2 O-O 5. e3 d5 6. Bd3 Nbd7 7. f4 c5 8. Ngf3 Qb6 9. Rb1 cxd4 10. exd4 Nh5 11. g3 f6 12. Bh4 e5 13. Bc2 Qa6 14. Kf2 Kh8 15. Re1 e4 16. Ng1 Nb6 17. Nf1 Bh6 18. Ne3 Be6 19. Kg2 Ng7 20. Nh3 Bxh3+ 21. Kxh3 g5 22. Ng4 gxh4 23. Nxh6 f5 24. g4 fxg4+ 25. Qxg4 Nc4 26. Qxh4 Nd2 27. Ng4 Rxf4 28. Kg2 Raf8 29. h3 Qd6 0-1

[Event "Kusadasi TUR"]
[Site "?"]
[Date "2006.04.07"]
[Round "4"]
[White "Bartel Mateusz"]
[Black "Fedorov Alexei"]
[Result "1/2-1/2"]
[WhiteElo "2524"]
[BlackElo "2608"]
[PlyCount "106"]
[EventDate "2006.??.??"]
[Source "www.chesslib.no"]
[SourceDate "2004.05.04"]

1. d4 Nf6 2. g3 g6 3. Bg2 Bg7 4. e4 d6 5. Ne2 O-O 6. O-O Nbd7 7. h3 c5 8. c3 Rb8 9. f4 b5 10. e5 Ne8 11. Nd2 b4 12. Ne4 bxc3 13. bxc3 Ba6 14. Bf3 Qa5 15. Be3 cxd4 16. cxd4 Nc7 17. Bd2 Qa3 18. Qc1 Nb5 19. N4c3 Qxc1 20. Rfxc1 Nxc3 21. Nxc3 Nb6 22. Nd5 Nxd5 23. Bxd5 dxe5 24. fxe5 Rfd8 25. Rab1 Rxb1 26. Rxb1 h6 27. Bb7 Bxb7 28. Rxb7 Rxd4 29. Be3 Re4 30. Kf2 Rxe5 31. Rxa7 f5 32. a4 Kf7 33. a5 Re4 34. a6 Bd4 35. Bxd4 Rxd4 36. Ra8 Ra4 37. h4 g5 38. h5 Ra3 39. a7 Ke6 40. Rh8 Rxa7 41. Rxh6+ Ke5 42. Rg6 g4 43. h6 e6 44. Kg2 Kd6 45. Rg7 Ra8 46. h7 Rh8 47. Rf7 Ke5 48. Kf2 Ke4 49. Re7 e5 50. Rd7 f4 51. gxf4 exf4 52. Re7+ Kf5 53. Rg7 Kf6 1/2-1/2

[Event "CZE Ch"]
[Site "?"]
[Date "2005.02.02"]
[Round "2"]
[White "Haba Petr"]
[Black "Hracek Zbynek"]
[Result "1/2-1/2"]
[WhiteElo "2525"]
[BlackElo "2600"]
[PlyCount "24"]
[EventDate "2005.??.??"]
[Source "www.chesslib.no"]
[SourceDate "2004.05.04"]

1. d4 Nf6 2. c3 e6 3. Bg5 c5 4. e3 h6 5. Bh4 b6 6. Nd2 Be7 7. Ngf3 O-O 8. Bd3 cxd4 9. cxd4 Ba6 10. Bxa6 Nxa6 11. O-O Nb4 12. Qa4 Na6 1/2-1/2

[Event "XXIV ECC"]
[Site "Kallithea GRE"]
[Date "2008.10.23"]
[Round "7"]
[White "Kuehn, Pe1"]
[Black "Moiseenko, A1."]
[Result "0-1"]
[WhiteElo "2446"]
[BlackElo "2678"]
[PlyCount "37"]
[EventDate "2008.10.17"]
[Source "www.chesslib.no"]
[SourceDate "2004.05.04"]

1. d4 Nf6 2. g3 c5 3. d5 e6 4. Nc3 exd5 5. Nxd5 Nxd5 6. Qxd5 Nc6 7. Bg5 Be7 8. Bxe7 Qxe7 9. O-O-O Nb4 10. Qb3 d6 11. Bh3 O-O 12. a3 Nc6 13. Qd5 Bxh3 14. Nxh3 Qxe2 15. Qxd6 Nd4 16. Rd2 Qe4 17. Rhd1 Rad8 18. Qc7 Qe6 19. Ng1 0-1

[Event "NOR Team Ch east"]
[Site "Norway"]
[Date "1993.??.??"]
[Round "3"]
[White "Agdestein, Simen"]
[Black "Djurhuus, Rune"]
[Result "1-0"]
[WhiteElo "2630"]
[BlackElo "2485"]
[PlyCount "115"]
[EventDate "1993.??.??"]
[Source "www.chesslib.no"]
[SourceDate "2004.05.04"]

1. d4 Nf6 2. g3 g6 3. Bg2 Bg7 4. e4 d6 5. Ne2 O-O 6. O-O e5 7. c4 Re8 8. Nbc3 Nc6 9. d5 Nd4 10. h3 c5 11. dxc6 bxc6 12. Be3 c5 13. Nc1 Rb8 14. Nd3 h6 15. Qd2 Kh7 16. f4 exf4 17. gxf4 Nh5 18. e5 Ng3 19. Rfe1 Ngf5 20. Rad1 Nxe3 21. Rxe3 dxe5 22. Nxe5 Be6 23. Qf2 Qa5 24. b3 Bf5 25. Nd5 Nc2 26. Re2 Nd4 27. Re3 Nc2 28. Re2 Nd4 29. Red2 Rxe5 30. fxe5 Bxe5 31. Kh1 Kg7 32. Re1 Re8 33. b4 Qa3 34. bxc5 Qxc5 35. Rxe5 Rxe5 36. Qxd4 Qxd4 37. Rxd4 Re1+ 38. Kh2 Re2 39. a4 a5 40. c5 Rc2 41. Ne3 Rxc5 42. Rd5 Rxd5 43. Bxd5 Bd7 44. Bb3 f5 45. Nc4 Kf6 46. Nxa5 Ke5 47. Nc4+ Kd4 48. a5 Bb5 49. Nd6 Kc5 50. Nf7 h5 51. Ng5 Kd4 52. Bf7 Ke5 53. h4 Kf4 54. Ne6+ Kg4 55. Bxg6 f4 56. Nd4 Ba6 57. Bf5+ Kxh4 58. Nf3# 1-0

[Event "Yugoslavia"]
[Site "Yugoslavia"]
[Date "1989.??.??"]
[Round "?"]
[White "Todorcevic, Miodrag"]
[Black "Sokolov, Ivan"]
[Result "0-1"]
[WhiteElo "2535"]
[BlackElo "2580"]
[PlyCount "134"]
[EventDate "1989.??.??"]
[Source "www.chesslib.no"]
[SourceDate "2004.05.04"]

1. g3 e5 2. Bg2 d6 3. d4 Nf6 4. dxe5 dxe5 5. Qxd8+ Kxd8 6. Nc3 c6 7. f4 Nbd7 8. Nf3 Bd6 9. Bd2 Ke7 10. O-O-O h6 11. Rhf1 Re8 12. Nh4 Kf8 13. Nf5 Bc7 14. e4 Kg8 15. Ne3 b5 16. Rde1 a5 17. Ned1 Bb7 18. Nf2 Nb6 19. fxe5 Nfd7 20. e6 Rxe6 21. Nd3 b4 22. Ne2 c5 23. Nef4 Ree8 24. Nd5 Nxd5 25. exd5 c4 26. Nf4 Nb6 27. Rd1 Be5 28. Kb1 c3 29. bxc3 bxc3 30. Bc1 Nc4 31. Ka1 Rab8 32. Rfe1 Bc8 33. d6 Bd7 34. Bd5 Nxd6 35. Ba3 Bg4 36. Rb1 Nb5 37. Bc5 Bd4 38. Rxe8+ Rxe8 39. a4 Bxc5 40. Rxb5 Bb4 41. Rb7 Re7 42. Rxe7 Bxe7 43. Ka2 Kf8 44. Kb3 g5 45. Nd3 Bf6 46. Nc5 Bd4 47. Nb7 Ke7 48. Nxa5 Bg1 49. h4 Bf2 50. hxg5 hxg5 51. Nc4 Bxg3 52. a5 Bc8 53. Nb6 Ba6 54. Bc4 Bxc4+ 55. Kxc4 g4 56. a6 Bb8 57. Nd5+ Ke6 58. Nxc3 Ba7 59. Ne2 Ke5 60. Kb5 f5 61. c4 f4 62. c5 f3 63. Ng3 Kf4 64. Nh5+ Kg5 65. Ng3 Kh4 66. Nf5+ Kh3 67. c6 f2 0-1

[Event "IV Open Vila de Sort"]
[Site "Sort SPA"]
[Date "2008.06.30"]
[Round "8"]
[White "Burmakin, Vladimir"]
[Black "Leon Hoyos, Manuel"]
[Result "1/2-1/2"]
[WhiteElo "2615"]
[BlackElo "2490"]
[PlyCount "57"]
[EventDate "2008.06.24"]
[Source "www.chesslib.no"]
[SourceDate "2004.05.04"]

1. d4 Nf6 2. g3 c5 3. d5 b5 4. Bg2 d6 5. c3 Nbd7 6. a4 bxa4 7. Qxa4 Bb7 8. e4 g6 9. Nd2 Bg7 10. Nc4 a5 11. Nh3 O-O 12. O-O Ba6 13. Re1 Nb6 14. Nxb6 Qxb6 15. e5 dxe5 16. Qc6 Qb3 17. Rxa5 Bb7 18. Qb5 Qxb5 19. Rxb5 Bxd5 20. Rxc5 e6 21. Ng5 Rfb8 22. c4 Bxg2 23. Kxg2 h6 24. Nf3 e4 25. Nd2 Ra1 26. Rb5 Rxb5 27. cxb5 Ra5 28. Nxe4 Rxb5 29. Bxh6 1/2-1/2

[Event "World Open act"]
[Site "Philadelphia, PA USA"]
[Date "1989.??.??"]
[Round "10"]
[White "Chernin, Alexander M"]
[Black "Fedorowicz, John P"]
[Result "0-1"]
[WhiteElo "2580"]
[BlackElo "2505"]
[PlyCount "104"]
[EventDate "1989.??.??"]
[Source "www.chesslib.no"]
[SourceDate "2004.05.04"]

1. d4 Nf6 2. c3 g6 3. Bg5 Bg7 4. e3 O-O 5. Bd3 d6 6. Ne2 Nc6 7. Nd2 h6 8. Bh4 e5 9. O-O d5 10. Qb1 e4 11. Bc2 Ne7 12. c4 c6 13. Nc3 Nf5 14. Bxf6 Bxf6 15. b4 Bg7 16. cxd5 cxd5 17. Bb3 Be6 18. Re1 Rc8 19. Ne2 Qd6 20. a3 g5 21. Qa2 Ne7 22. Rac1 f5 23. Rxc8 Rxc8 24. f3 exf3 25. Nxf3 Kh8 26. Qb2 Ng6 27. Ng3 Qc6 28. Qa2 g4 29. Nd2 Bf6 30. Ne2 Bg5 31. Nf1 Qd6 32. g3 Bg8 33. Rc1 Rxc1 34. Nxc1 h5 35. Nd3 h4 36. Qf2 Be6 37. Nc5 Bc8 38. Bc2 Qf6 39. Bd3 Ne7 40. gxh4 Bh6 41. e4 dxe4 42. Nxe4 Qc6 43. Ng5 Bg7 44. Nf7+ Kh7 45. Ne5 Qc3 46. Bb1 Ng6 47. h5 Nxe5 48. Bxf5+ Kh8 49. dxe5 Bxe5 50. Qc2 Bd4+ 51. Kh1 Qf3+ 52. Qg2 Bxf5 0-1

[Event "EU-ch 3rd"]
[Site "Batumi"]
[Date "2002.06.26"]
[Round "13"]
[White "Gelashvili, Tamaz"]
[Black "Sargissian, Gabriel"]
[Result "0-1"]
[WhiteElo "2547"]
[BlackElo "2538"]
[PlyCount "156"]
[EventDate "2002.06.12"]
[Source "ChessBase"]
[SourceDate "2002.09.20"]

1. c3 Nf6 2. d4 d5 3. Bg5 Nbd7 4. e3 e6 5. Nd2 Be7 6. Bd3 b6 7. f4 Bb7 8. Qf3 h6 9. Bxf6 Nxf6 10. Ne2 Qd7 11. O-O O-O-O 12. a4 a6 13. Ng3 Kb8 14. b4 Ka7 15. Nh5 Ne8 16. b5 a5 17. e4 g6 18. Ng3 f5 19. e5 c5 20. bxc6 Bxc6 21. Qd1 Nc7 22. Qb3 Rb8 23. Ne2 Bb7 24. Ra2 Ba6 25. Bxa6 Nxa6 26. Qc2 Rbc8 27. Qd3 Rhg8 28. Rb1 g5 29. Rb5 Rc6 30. Rab2 Nc7 31. R5b3 Na6 32. Qh3 Qe8 33. Qd3 Qd7 34. Rb1 Qc8 35. Nf1 Qd7 36. Qd2 g4 37. Qb2 Rb8 38. Ne3 Bd8 39. Rb5 Be7 40. Kf1 Qc8 41. Rb3 Qe8 42. Ng3 Qd7 43. Ke2 Bd8 44. Ngf1 Qe8 45. Kf2 Be7 46. Nd2 Qd7 47. Ke2 Qe8 48. Kf1 Qd7 49. Ra1 Qc8 50. Nb1 Qc7 51. Na3 Bxa3 52. Qxa3 Rc8 53. Nd1 Qd8 54. Qb2 Qh4 55. g3 Qd8 56. Rb1 h5 57. Ne3 h4 58. gxh4 Qxh4 59. Rxb6 Qh3+ 60. Ng2 Qd3+ 61. Kf2 Nb4 62. Rb5 Qxb5 63. axb5 Nd3+ 64. Ke2 Nxb2 65. bxc6 Nc4 66. Ne1 Rxc6 67. Nd3 Rc7 68. Nc5 Rh7 69. Ke1 a4 70. Rb4 a3 71. Nxe6 Rxh2 72. Nd8 Rb2 73. Nc6+ Ka8 74. Ra4+ Kb7 75. Na5+ Nxa5 76. Rxa5 a2 77. e6 Rb1+ 78. Ke2 a1=Q 0-1

[Event "CZE-chT 0304"]
[Site "CZE"]
[Date "2003.??.??"]
[Round "1"]
[White "Cicak, Slavko"]
[Black "Kovalev, Andrei"]
[Result "1-0"]
[WhiteElo "2530"]
[BlackElo "2550"]
[PlyCount "83"]
[EventDate "2003.10.??"]
[Source "Roberto Alvarez"]
[SourceDate "2004.02.16"]

1. d4 Nf6 2. g3 c5 3. d5 g6 4. Bg2 Bg7 5. d6 Nc6 6. Nf3 O-O 7. O-O Ne4 8. dxe7 Qxe7 9. c4 d6 10. Ne1 Nf6 11. Nc2 Be6 12. Ne3 Ne5 13. Qc2 Rab8 14. b3 b5 15. cxb5 d5 16. a4 d4 17. Nc4 Nd5 18. Ba3 Bf5 19. Qc1 Rfd8 20. Nxe5 Qxe5 21. Re1 Rbc8 22. Bb2 Nb4 23. Na3 Qe6 24. Qd1 h5 25. Rc1 Bh6 26. Rc4 h4 27. Nb1 Re8 28. Rxb4 Bxb1 29. Qxb1 cxb4 30. Bxd4 Bd2 31. Rd1 Qxe2 32. Bf1 Qe4 33. Qxe4 Rxe4 34. Bxa7 Re7 35. b6 Bc3 36. Bg2 Rce8 37. b7 Be5 38. Re1 h3 39. Rxe5 Rxe5 40. Bxh3 Re1+ 41. Kg2 Rb1 42. Bc8 1-0

[Event "Iona Tech Masters"]
[Site "Kilkenny"]
[Date "1998.11.28"]
[Round "4"]
[White "Conquest, Stuart"]
[Black "Hebden, Mark"]
[Result "1-0"]
[WhiteElo "2490"]
[BlackElo "2590"]
[PlyCount "101"]
[EventDate "1998.11.27"]
[Source "ChessBase"]
[SourceDate "1999.01.01"]

1. d4 Nf6 2. g3 c5 3. d5 b5 4. Bg2 d6 5. e4 Nbd7 6. f4 a5 7. Nh3 g6 8. O-O Bg7 9. c4 bxc4 10. Nc3 O-O 11. Qe2 Ne8 12. Ng5 a4 13. a3 Nc7 14. Qc2 Nb6 15. Be3 Ba6 16. Rfe1 Nb5 17. Nxb5 Bxb5 18. Bd2 Nd7 19. Rad1 c3 20. Bxc3 Bxc3 21. bxc3 Bc4 22. Qc1 Bb3 23. Rd2 Nb6 24. Rf2 Ra7 25. f5 Nd7 26. fxg6 fxg6 27. Ne6 Qe8 28. Nxf8 Nxf8 29. Bh3 Bc4 30. Qh6 e5 31. dxe6 Nxe6 32. Ref1 Rg7 33. Bxe6+ Bxe6 34. Rf8+ Qxf8 35. Rxf8+ Kxf8 36. Qf4+ Ke7 37. e5 Rf7 38. exd6+ Kd7 39. Qxa4+ Kxd6 40. Qa6+ Kd5 41. Kg2 Bf5 42. Qa8+ Kc4 43. a4 Kxc3 44. Qd5 Rd7 45. Qxc5+ Kb3 46. a5 Rd2+ 47. Kf3 Rxh2 48. a6 Bh3 49. Qg1 Ra2 50. Qb1+ Ka3 51. Qxa2+ 1-0

[Event "Open"]
[Site "Andorra"]
[Date "2007.07.07"]
[Round "8.7"]
[White "Movsziszian, Karen"]
[Black "Damljanovic, Branko"]
[Result "0-1"]
[WhiteElo "2494"]
[BlackElo "2585"]
[PlyCount "100"]
[EventDate "2007.06.30"]
[Source "www.chesslib.no"]
[SourceDate "2004.05.04"]

1. d4 Nf6 2. g3 d5 3. Bg2 c6 4. Nf3 Bg4 5. O-O Nbd7 6. b3 e6 7. Bb2 Be7 8. Nbd2 O-O 9. c4 Bh5 10. Re1 Ne8 11. e4 Nc7 12. Qe2 Re8 13. Qe3 Bf8 14. h3 Rc8 15. g4 Bg6 16. Ne5 Nxe5 17. dxe5 Na6 18. a3 Nc5 19. Rad1 Qe7 20. b4 Nxe4 21. Nxe4 dxe4 22. Qxa7 c5 23. b5 Ra8 24. Qb6 Ra4 25. Bxe4 Rxc4 26. Bg2 h5 27. gxh5 Bxh5 28. Rd3 Rc2 29. Bc1 c4 30. Rd6 Bf3 31. Be3 Bxg2 32. Kxg2 Qh4 33. Rd4 Qh5 34. Qxb7 Qxe5 35. Qc6 Rb8 36. b6 Bc5 37. Re4 Qd5 38. Qxd5 exd5 39. Bxc5 dxe4 40. Rxe4 Rc8 41. b7 Rb8 42. Re7 Rb2 43. Bb4 c3 44. Bxc3 R2xb7 45. Re4 Rc8 46. Bb4 Rc2 47. Rd4 Ra2 48. Rd8+ Kh7 49. Rd3 Rb5 50. Rf3 Rg5+ 0-1

[Event "HZ Open"]
[Site "?"]
[Date "1999.08.14"]
[Round "6"]
[White "Van der Wiel John TH"]
[Black "Chuchelov Vladimir"]
[Result "1/2-1/2"]
[WhiteElo "2544"]
[BlackElo "2533"]
[PlyCount "35"]
[EventDate "1999.??.??"]
[Source "www.chesslib.no"]
[SourceDate "2004.05.04"]

1. d4 Nf6 2. c3 d5 3. Bf4 e6 4. e3 Be7 5. Nd2 O-O 6. Bd3 c5 7. Ngf3 Qb6 8. Qb1 cxd4 9. exd4 Bd7 10. Ne5 Bb5 11. Bc2 Rc8 12. g4 g6 13. h4 Nbd7 14. h5 Nxe5 15. Bxe5 Be8 16. hxg6 fxg6 17. Nf3 Ne4 18. Nd2 1/2-1/2

[Event "USA Open"]
[Site "Fort Worth, TX USA"]
[Date "1984.??.??"]
[Round "8"]
[White "Shipman, Walter"]
[Black "Quinteros, Miguel A"]
[Result "0-1"]
[WhiteElo "2462"]
[BlackElo "2610"]
[PlyCount "86"]
[EventDate "1984.??.??"]
[Source "www.chesslib.no"]
[SourceDate "2004.05.04"]

1. d4 Nf6 2. g3 c5 3. d5 b5 4. Bg2 d6 5. e4 Nbd7 6. Ne2 g6 7. O-O Bg7 8. h3 h5 9. Be3 Rb8 10. f4 Qc7 11. Nd2 a5 12. c3 O-O 13. Qc2 Re8 14. Nf3 Nf8 15. Ng5 e6 16. dxe6 Nxe6 17. f5 Nxg5 18. Bxg5 Nh7 19. Bc1 g5 20. h4 gxh4 21. Nf4 Nf6 22. gxh4 Bb7 23. Nd5 Bxd5 24. exd5 b4 25. Bg5 bxc3 26. bxc3 c4 27. Kh1 Qc5 28. Qd2 Kh7 29. Qd1 Ng4 30. f6 Bh6 31. Qc2+ Kh8 32. Qd2 Bf8 33. Rf5 Re5 34. Rxe5 dxe5 35. Bf3 Nf2+ 36. Kg2 Nd3 37. Qe3 Rb2+ 38. Kg3 Qc8 39. Bxh5 Nf2 40. Qxf2 Rxf2 41. Kxf2 Qf5+ 42. Kg2 Qc2+ 43. Kh1 Qxc3 0-1

[Event "Foxboro m"]
[Site "Foxboro"]
[Date "1985.??.??"]
[Round "8"]
[White "Alburt, Lev O"]
[Black "Short, Nigel D"]
[Result "0-1"]
[WhiteElo "2535"]
[BlackElo "2535"]
[PlyCount "76"]
[EventDate "1985.01.??"]
[Source "ChessBase"]

1. d4 Nf6 2. g3 d5 3. c4 c6 4. Bg2 Bf5 5. Qb3 Qb6 6. Nc3 e6 7. c5 Qxb3 8. axb3 e5 9. Nf3 e4 10. Nd2 Na6 11. Ra4 Be7 12. b4 Nc7 13. Nb3 a6 14. Bf4 O-O-O 15. f3 exf3 16. exf3 Ne6 17. Be3 h5 18. Kd2 Nd7 19. Bf1 Bf6 20. Bxa6 bxa6 21. Rxa6 Nb8 22. Rb6 Rde8 23. b5 Bd8 24. Rxb8+ Kxb8 25. bxc6 Nc7 26. Bf4 Re6 27. Na5 Rhe8 28. b4 g5 29. Bd6 Re3 30. g4 hxg4 31. fxg4 Bg6 32. Nxd5 Rd3+ 33. Kc1 Re2 34. Rd1 Rf3 35. Nb7 Rc2+ 36. Kb1 Rb3+ 37. Ka1 Ra3+ 38. Kb1 Re2+ 0-1

[Event "HUN"]
[Site "HUN"]
[Date "1989.??.??"]
[Round "?"]
[White "Csom, Istvan"]
[Black "Adorjan, Andras"]
[Result "0-1"]
[WhiteElo "2545"]
[BlackElo "2525"]
[PlyCount "52"]
[EventDate "1989.??.??"]
[Source "www.chesslib.no"]
[SourceDate "2004.05.04"]

1. d4 Nf6 2. g3 c5 3. d5 b5 4. Bg2 d6 5. Nf3 g6 6. c4 a6 7. a4 b4 8. b3 Bg7 9. Bb2 O-O 10. Nbd2 Ra7 11. O-O e5 12. dxe6 Bxe6 13. Ra2 Re8 14. Ng5 Bf5 15. Nh3 Bg4 16. Re1 Rae7 17. Nf4 g5 18. Bxf6 Bxf6 19. Nd5 Rxe2 20. Rxe2 Bxe2 21. Qe1 Kg7 22. Ne4 Bd3 23. Rd2 Bxe4 24. Bxe4 Nc6 25. Re2 Nd4 26. Re3 Rxe4 0-1

[Event "Stockholm SWE, 25. Rilton Cup"]
[Site "?"]
[Date "2005.12.30"]
[Round "4"]
[White "Karlsson Lars"]
[Black "Johannessen Leif Erlend"]
[Result "1/2-1/2"]
[WhiteElo "2501"]
[BlackElo "2564"]
[PlyCount "120"]
[EventDate "2005.??.??"]
[Source "www.chesslib.no"]
[SourceDate "2004.05.04"]

1. d4 Nf6 2. Bf4 e6 3. e3 b6 4. Nd2 Bb7 5. Ngf3 Be7 6. h3 c5 7. c3 cxd4 8. exd4 O-O 9. Bd3 a6 10. a4 d6 11. Qe2 Nbd7 12. O-O Re8 13. Bh2 Nf8 14. Rfd1 Ng6 15. c4 d5 16. b3 Bb4 17. Qe3 Rc8 18. Ne5 Qe7 19. Ndf3 Nxe5 20. Bxe5 Ne4 21. Bf4 f6 22. Rac1 e5 23. Bh2 exd4 24. Nxd4 Qf7 25. Qf3 Bc5 26. Bf1 Kh8 27. Bf4 Rcd8 28. Be3 Qg6 29. Qg4 Qxg4 30. hxg4 dxc4 31. Bxc4 Bc8 32. Be2 g6 33. Bf3 Bb7 34. Nc2 Kg7 35. b4 Bxe3 36. Nxe3 Rxd1+ 37. Rxd1 Re7 38. Bxe4 Bxe4 39. Rd6 Rb7 40. a5 bxa5 41. bxa5 Ra7 42. f3 Ba8 43. Nc2 Kf7 44. Nd4 Ke7 45. Re6+ Kf7 46. Rd6 Ke7 47. Rb6 Kf7 48. Nb3 Bd5 49. Nc5 Rc7 50. Nxa6 Rc1+ 51. Kh2 Ra1 52. Rb5 Bc4 53. Rb7+ Kg8 54. Nc5 Rxa5 55. Ne4 Ra6 56. g5 fxg5 57. Nxg5 h6 58. Ne4 Bd5 59. Rb4 Bxe4 60. Rxe4 Kf7 1/2-1/2

[Event "Hamburg-ch int"]
[Site "Hamburg"]
[Date "2001.06.10"]
[Round "9"]
[White "Mueller, Karsten"]
[Black "Rogozenko, Dorian"]
[Result "1/2-1/2"]
[WhiteElo "2525"]
[BlackElo "2537"]
[PlyCount "26"]
[EventDate "2001.06.02"]
[Source "ChessBase"]
[SourceDate "2001.07.03"]

1. d4 Nf6 2. c3 d5 3. Bg5 c6 4. e3 Bf5 5. Bd3 Bg6 6. Nf3 e6 7. Ne5 Be7 8. f4 Bxd3 9. Qxd3 O-O 10. O-O Ne8 11. Bxe7 Qxe7 12. Rf3 f6 13. Ng4 Nd6 1/2-1/2

[Event "Graested"]
[Site "Graested"]
[Date "1990.??.??"]
[Round "6"]
[White "Kuijf, Marinus"]
[Black "Hansen, Curt"]
[Result "1-0"]
[WhiteElo "2490"]
[BlackElo "2570"]
[PlyCount "113"]
[EventDate "1990.02.??"]
[Source "ChessBase"]

1. d4 Nf6 2. c3 d5 3. Bf4 c6 4. Nd2 Bf5 5. Ngf3 g6 6. h3 Bg7 7. e3 O-O 8. Be2 Nbd7 9. g4 Be4 10. Nxe4 Nxe4 11. Bd3 Qe8 12. Bxe4 dxe4 13. Ne5 f6 14. Qb3+ Kh8 15. Nxd7 Qxd7 16. O-O-O Rad8 17. h4 h6 18. g5 h5 19. gxf6 Rxf6 20. Rhg1 Kh7 21. Kb1 Rf5 22. Rg2 e5 23. Bg5 Re8 24. dxe5 Qf7 25. Bf6 Qxb3 26. axb3 Bxf6 27. exf6 Rxf6 28. Rd7+ Kh6 29. Rxb7 a5 30. b4 axb4 31. Rxb4 Re5 32. Rb8 c5 33. Ka2 Rd5 34. Kb3 Rd2 35. Kc4 Rdxf2 36. Rxf2 Rxf2 37. Kxc5 Rh2 38. b4 Rxh4 39. b5 Rh1 40. b6 Rb1 41. c4 Kg7 42. Ra8 h4 43. Kc6 h3 44. Ra2 g5 45. Rh2 g4 46. c5 Kf6 47. Kb7 Kg5 48. c6 Rc1 49. Kc7 Kh4 50. b7 g3 51. b8=Q gxh2 52. Qd8+ Kg4 53. Qd7+ Kh4 54. Qe7+ Kg4 55. Qe6+ Kh4 56. Qh6+ Kg3 57. Qd6+ 1-0

[Event "UKR Ch u20"]
[Site "?"]
[Date "2005.04.29"]
[Round "11"]
[White "Kuzubov Yuriy"]
[Black "Kryvoruchko Yuriy"]
[Result "1/2-1/2"]
[WhiteElo "2558"]
[BlackElo "2498"]
[PlyCount "65"]
[EventDate "2005.??.??"]
[Source "www.chesslib.no"]
[SourceDate "2004.05.04"]

1. d4 Nf6 2. Nc3 d6 3. Bg5 c6 4. Nf3 g6 5. Bxf6 exf6 6. e4 Bg7 7. Bd3 O-O 8. h3 b5 9. O-O Bb7 10. b4 c5 11. Rb1 a6 12. a4 cxd4 13. Nxd4 f5 14. Nde2 Qc7 15. Qd2 Rc8 16. Rb3 bxa4 17. Ra3 fxe4 18. Bxe4 Nd7 19. Bxb7 Qxb7 20. Rxa4 Nb6 21. Ra2 Nc4 22. Qd5 Qxb4 23. Rb1 Qc5 24. Rb7 Ne5 25. Qxc5 Rxc5 26. Ne4 Rc6 27. Nf4 Rc4 28. f3 Rd4 29. c3 Rd1+ 30. Kf2 Bh6 31. Ke2 Rg1 32. Kf2 Rd1 33. Ke2 1/2-1/2